<?xml version="1.0" encoding="UTF-8"?>
<record
    xmlns:xsi="http://www.w3.org/2001/XMLSchema-instance"
    xsi:schemaLocation="http://www.loc.gov/MARC21/slim http://www.loc.gov/standards/marcxml/schema/MARC21slim.xsd"
    xmlns="http://www.loc.gov/MARC21/slim">

  <leader>03612nam a2200337   4500</leader>
  <controlfield tag="001">114286</controlfield>
  <controlfield tag="003">DR-UNIBE</controlfield>
  <controlfield tag="005">20251209142209.0</controlfield>
  <controlfield tag="008">251209b2025    dr ||||| |||| 00| 0 spa d</controlfield>
  <datafield tag="020" ind1=" " ind2=" ">
    <subfield code="a">9789945511260</subfield>
  </datafield>
  <datafield tag="040" ind1=" " ind2=" ">
    <subfield code="a">BIBLIOTECA UNIBE</subfield>
    <subfield code="b">spa</subfield>
    <subfield code="c">BIBLIOTECA UNIBE</subfield>
  </datafield>
  <datafield tag="041" ind1=" " ind2=" ">
    <subfield code="a">spa</subfield>
  </datafield>
  <datafield tag="082" ind1=" " ind2=" ">
    <subfield code="2">22</subfield>
    <subfield code="a">RD 628.162 J95h</subfield>
  </datafield>
  <datafield tag="100" ind1="1" ind2=" ">
    <subfield code="a">J&#xE1;uregui Haza, Ulises</subfield>
    <subfield code="e">autor</subfield>
    <subfield code="e">fot&#xF3;grafo</subfield>
    <subfield code="9">201397</subfield>
  </datafield>
  <datafield tag="100" ind1="1" ind2=" ">
    <subfield code="a">Vargas, Enmanuel</subfield>
    <subfield code="e">autor</subfield>
    <subfield code="9">201398</subfield>
  </datafield>
  <datafield tag="245" ind1="1" ind2="4">
    <subfield code="a">Los humedales construidos como soluci&#xF3;n basada en la naturaleza para el tratamiento de agua residuales :</subfield>
    <subfield code="b">preguntas y respuestas /</subfield>
    <subfield code="c">Ulises J&#xE1;uregui Haza, Enmanuel Vargas</subfield>
  </datafield>
  <datafield tag="260" ind1=" " ind2=" ">
    <subfield code="a">Santo Domingo :</subfield>
    <subfield code="b">Fondo de Agua Yaque del Norte :</subfield>
    <subfield code="b">Instituto Tecnol&#xF3;gico de Santo Domingo (INTEC),</subfield>
    <subfield code="c">2025</subfield>
  </datafield>
  <datafield tag="300" ind1=" " ind2=" ">
    <subfield code="a">47 p&#xE1;ginas :</subfield>
    <subfield code="b">ilustraciones (a color) ;</subfield>
    <subfield code="c">30 cm</subfield>
  </datafield>
  <datafield tag="504" ind1=" " ind2=" ">
    <subfield code="a">Incluye referencias bibliogr&#xE1;ficas y enlaces a materiales audiovisuales (p&#xE1;ginas: 46-47) e &#xED;ndice</subfield>
  </datafield>
  <datafield tag="505" ind1="0" ind2=" ">
    <subfield code="a">1.	&#xBF;Qu&#xE9; son los humedales construidos? |
2.	&#xBF;C&#xF3;mo se clasifican los humedales construidos? |
3.	&#xBF;C&#xF3;mo funciona un humedal construido para el tratamiento de aguas residuales? |
4.	&#xBF;Cu&#xE1;les son los principales criterios de dise&#xF1;o de los humedales construidos? |
5.	&#xBF;Cu&#xE1;les son las principales ventajas de los humedales construidos, en comparaci&#xF3;n con los sistemas convencionales de tratamiento de aguas residuales? |
6.	&#xBF;Cu&#xE1;les son las principales limitaciones de los humedales construidos? |
7.	&#xBF;En qu&#xE9; consiste la operaci&#xF3;n y el mantenimiento de un humedal artificial? |
8.	&#xBF;Cu&#xE1;l es el rol que juega la comunidad en la sostenibilidad de un humedal artificial? |
9.	&#xBF;Cu&#xE1;les servicios ecosist&#xE9;micos brindan los humedales artificiales? |
10.	&#xBF;Cu&#xE1;les son las plantas m&#xE1;s comunes que se usan como cobertura en los humedales construidos? |
11.	&#xBF;Cu&#xE1;l es la pol&#xED;tica para la construcci&#xF3;n de humedales en la Rep&#xFA;blica Dominicana? |
12.	&#xBF;Qu&#xE9; tan eficientes son los humedales artificiales en el tratamiento de aguas residuales? |
13.	&#xBF;Cu&#xE1;l es el &#xE1;mbito de aplicaci&#xF3;n de los humedales artificiales? |
14.	&#xBF;Cu&#xE1;les son los principales impulsores en la implementaci&#xF3;n de humedales en la Rep&#xFA;blica Dominicana? |
15.	&#xBF;Cu&#xE1;les son las principales barreras que limitan la implementaci&#xF3;n de humedales en la Rep&#xFA;blica Dominicana? |
16.	&#xBF;Cu&#xE1;les han sido las principales incidencias en el deterioro de humedales artificiales en la Rep&#xFA;blica Dominicana? |
17.	&#xBF;Qu&#xE9; tipos de medios filtrantes son com&#xFA;nmente usados en humedales artificiales? |
18.	&#xBF;Cu&#xE1;les son los requerimientos para ampliar la aplicaci&#xF3;n de humedales en la Rep&#xFA;blica Dominicana? |
19.	&#xBF;D&#xF3;nde est&#xE1; la concentraci&#xF3;n m&#xE1;s alta de humedales artificiales y por qu&#xE9;? |
20.	&#xBF;Cu&#xE1;l es el impacto ambiental de un humedal artificial partiendo del an&#xE1;lisis de su ciclo de vida? |
21.	&#xBF;Cu&#xE1;les son los pasos a tener en cuenta a la hora de proponer un humedal artificial como alternativa para el tratamiento de aguas residuales? |
22.	Referencias bibliogr&#xE1;ficas
</subfield>
  </datafield>
  <datafield tag="650" ind1=" " ind2="7">
    <subfield code="2">lemb</subfield>
    <subfield code="a">Humedales</subfield>
    <subfield code="9">201406</subfield>
  </datafield>
  <datafield tag="650" ind1=" " ind2="7">
    <subfield code="2">lemb</subfield>
    <subfield code="a">Conservaci&#xF3;n de humedales</subfield>
    <subfield code="9">201407</subfield>
  </datafield>
  <datafield tag="650" ind1=" " ind2="7">
    <subfield code="2">lemb</subfield>
    <subfield code="a">Purificaci&#xF3;n de aguas residuales</subfield>
    <subfield code="9">31462</subfield>
  </datafield>
  <datafield tag="650" ind1=" " ind2="7">
    <subfield code="2">lemb</subfield>
    <subfield code="a">Protecci&#xF3;n del medio ambiente</subfield>
    <subfield code="z">Rep&#xFA;blica Dominicana</subfield>
    <subfield code="9">15688</subfield>
  </datafield>
  <datafield tag="650" ind1=" " ind2="7">
    <subfield code="2">lemb</subfield>
    <subfield code="a">Desarrollo sostenible</subfield>
  </datafield>
  <datafield tag="700" ind1="1" ind2=" ">
    <subfield code="a">Pic&#xF3;n, Mar&#xED;a Carla</subfield>
    <subfield code="e">cuidado de edici&#xF3;n</subfield>
    <subfield code="e">corrector de estilo</subfield>
    <subfield code="9">129381</subfield>
  </datafield>
  <datafield tag="700" ind1="1" ind2=" ">
    <subfield code="a">Est&#xE9;vez de Portes, Walkiria</subfield>
    <subfield code="e">presentaci&#xF3;n</subfield>
    <subfield code="9">201401</subfield>
  </datafield>
  <datafield tag="700" ind1="1" ind2=" ">
    <subfield code="a">Rodr&#xED;guez Botier, Hermis</subfield>
    <subfield code="e">diagramador</subfield>
    <subfield code="9">201408</subfield>
  </datafield>
  <datafield tag="700" ind1="1" ind2=" ">
    <subfield code="a">Infante Sicard, Eduardo David</subfield>
    <subfield code="e">fot&#xF3;grafo</subfield>
    <subfield code="9">201409</subfield>
  </datafield>
  <datafield tag="942" ind1=" " ind2=" ">
    <subfield code="2">ddc</subfield>
    <subfield code="c">BK</subfield>
  </datafield>
  <datafield tag="999" ind1=" " ind2=" ">
    <subfield code="c">114286</subfield>
    <subfield code="d">114286</subfield>
  </datafield>
  <datafield tag="952" ind1=" " ind2=" ">
    <subfield code="0">0</subfield>
    <subfield code="1">0</subfield>
    <subfield code="2">ddc</subfield>
    <subfield code="7">0</subfield>
    <subfield code="8">GEN-RD</subfield>
    <subfield code="a">Principal</subfield>
    <subfield code="d">2025-10-09</subfield>
    <subfield code="l">0</subfield>
    <subfield code="o">RD 628.162 J95h</subfield>
    <subfield code="p">251213</subfield>
    <subfield code="r">2025-12-09 11:51:02</subfield>
    <subfield code="t">Ej. 1</subfield>
    <subfield code="w">2025-12-09</subfield>
    <subfield code="y">BK</subfield>
  </datafield>
</record>
